Tvorba GIS nástrojov na automatizované predspracovanie dát pre potreby strojového učenia

Saved in:
Bibliographic Details
Main Author: Žabčíková, Jana (Author)
Other Authors: Ďuračiová, Renata (Thesis advisor)
Format: Manuscript Book
Language:Slovak
Published: 2018
Subjects:
Online Access:http://is.stuba.sk/zp/portal_zp.pl?podrobnosti=124652
https://opac.crzp.sk/?fn=detailBiblioForm&sid=CB745B58B0F7E53C035ECA6F3E25
Tags: Add Tag
No Tags, Be the first to tag this record!

MARC

LEADER 00000ntm a22000003a 4500
001 stuzp68710
003 SK-STU
005 20230525110743.1
007 ta
008 150427s2015----xo-----f-mn---000-0-slo-d
040 |a STU  |b slo 
041 0 |a slo 
100 1 |a Žabčíková, Jana  |u 010130  |4 aut  |U SvF Stavebná fakulta  |T SvF Katedra geodetických základov  |X 80986  |U V130  |Y 13  |7 80986 
242 0 1 |a Creating GIS tools for automated precessing of data for machine learning needs  |y eng 
245 1 0 |a Tvorba GIS nástrojov na automatizované predspracovanie dát pre potreby strojového učenia 
260 |c 2018 
650 4 |a strojové učenie  |2 slo 
650 4 |a rastrové údaje  |2 slo 
650 4 |a plugin  |2 slo 
650 4 |a raster data  |2 eng 
650 4 |a machine learning  |2 eng 
650 4 |a plugin  |2 eng 
700 1 |a Ďuračiová, Renata  |u 010130  |k Z1  |4 ths  |U SvF Stavebná fakulta  |T SvF Katedra geodetických základov  |X 950  |U V130  |Y 13  |7 A000000950 
856 4 |u http://is.stuba.sk/zp/portal_zp.pl?podrobnosti=124652 
856 4 |u https://opac.crzp.sk/?fn=detailBiblioForm&sid=CB745B58B0F7E53C035ECA6F3E25